[Event "WchT 5th"]
[Site "Yerevan"]
[Date "2001.10.15"]
[Round "4.2"]
[White "Lutz, Christopher"]
[Black "Nedev, Trajce"]
[Result "1-0"]
[WhiteElo "2643"]
[BlackElo "2514"]
[Annotator "Gershon,A"]
[PlyCount "83"]
[EventDate "2001.10.12"]
[EventType "team-tourn"]
[EventRounds "9"]
[EventCountry "ARM"]
[SourceTitle "CBM 086"]
[Source "ChessBase"]
[SourceDate "2002.02.05"]
[SourceVersion "1"]
[SourceVersionDate "2002.02.05"]
[SourceQuality "1"]
[WhiteTeam "Germany"]
[BlackTeam "Macedonia"]
[WhiteTeamCountry "GER"]
[BlackTeamCountry "MKD"]

1. e4 c5 2. Nf3 Nc6 3. Bb5 e6 4. Bxc6 bxc6 5. O-O Ne7 6. d3 Ng6 7. Ng5 e5 {
Other moevs seem to be inferior.} (7... Be7 8. Qh5 d6 9. f4 Bxg5 10. fxg5 e5
11. Be3 Be6 12. Nd2 Qd7 13. h3 O-O 14. Rf2 Kh8 15. b3 Qe7 16. Nf1 a5 17. Ng3 a4
18. Raf1 $16 {1-0 Rozentalis,E-Hansen,S/Castrop Rauxel GER 2001/The Week in
Chess 335 (39). (38)}) (7... h6 8. Nh3 e5 9. f4 exf4 10. Nxf4 Nxf4 11. Bxf4 d6
12. Qf3 Be6 13. Qg3 g5 14. Bd2 Rg8 15. Bc3 Rg6 16. Nd2 h5 17. Nc4 h4 18. Qe1
Be7 19. Ne3 d5 20. Nf5 d4 21. Bd2 Qd7 22. b3 Bd8 23. Qe2 Bc7 24. Qh5 $14 {
1-0 Kallio,H-Milanovic,D/Belgrade YUG 2001/The Week in Chess 338 (62)}) (7...
f6 8. Nh3 Be7 $5 (8... d5 9. Qh5 Qc7 10. f4 Qf7 11. c4 Bd6 12. Qe2 O-O 13. Nc3
Re8 14. e5 Bf8 15. Bd2 Nh4 16. g4 f5 17. g5 Rb8 18. b3 Rd8 19. Na4 Ng6 20. Be3
d4 21. Bc1 Be7 22. Ba3 Qf8 23. Kh1 Bd7 24. Ng1 Be8 25. Rf3 $16 {1-0 Hamdouchi,
H-Miladinovic,I/Saint Vincent 2000/CBM 74 ext (35)}) 9. f4 O-O 10. Nd2 d6 11.
Qe2 f5 12. Nf3 Bf6 13. Nf2 e5 14. g3 exf4 15. gxf4 fxe4 16. dxe4 Qb6 $132 {
0-1 Alavkin,A-Kurnosov,I/Togliatty RUS 2001/The Week in Chess 354 (31)}) 8. Qh5
Qe7 9. Na3 (9. Nh3 d6 10. Bg5 Qb7 11. b3 Bd7 12. f3 h6 13. Be3 Qc8 14. Nd2 d5
15. Rae1 Be7 16. g4 d4 17. Bf2 Qc7 18. Bg3 Be6 $11 {0-1 Galego,L-Krasenkow,M/
Leon ESP 2001/The Week in Chess 366 (37)}) 9... d6 10. Nc4 h6 11. Nh3 Bxh3 {
Black is opting for an endgame.} ({I would haev preferred:} 11... Be6 {keeping
the light squared B on the board. The text hands white the initiative for good.
}) 12. Qxh3 Qe6 13. Qxe6+ fxe6 14. Bd2 $14 Be7 {it's not easy for black to
push the pawns, since after:} (14... d5 15. Na5 Kd7 16. g3 $1 {[%cal Gc2c4]
white will block black's center for good leaving him with bad B and weak pawns
(c5,e5)} (16. c4 Nf4 $132)) 15. g3 Kd7 16. Bc3 {[%csl Re5][%cal Gc3e5,Gc4e5]
making the d6-d5 advance impossible} Bf6 17. Rfe1 {[%csl Re5][%cal Ge1e5]} Bd8
$6 {Beginning a B transfer to 'b6'. However, I fail to see how can it help
black's position.} (17... Rhe8 $142 {black should have fought for the 'd5'
advance anyway, the threat of d5 would force white to act more causiosly.}) 18.
a3 Bb6 19. Kg2 Rhf8 20. h4 h5 21. Re2 {White is improving his position to the
maximus whereas black can do nothing in the meantime.} Rae8 22. b4 {putting
extra pressure on black's position} Rb8 (22... cxb4 23. axb4 {[%cal Ga1a7]} Ra8
24. Ra6 $16) 23. Rf1 Rf7 24. Ree1 Rb7 $6 {finally black makes the mistake.} (
24... Rff8 $142) 25. Rb1 {[%cal Gb4c5] black is now forced to take on 'b4',
thus opening the 'a' file for white rooks} cxb4 (25... Rc7 26. Nxb6+ axb6 27.
bxc5 bxc5 28. a4 Ra7 29. a5 $16 {the pawn on 'a5' is a very strong card in
whtie's hands}) 26. axb4 Bc7 27. Ra1 {[%csl Ra7]} d5 {too late. White has
already achieved many positional advantages.} 28. Na5 Rb8 29. Nb3 {[%csl Ra7,
Yc5,Re6][%cal Gb3c5,Gc5e6]} Bb6 30. Bd2 {[%cal Gc2c4] preparing the thematic
'c2-c4' advance} Kd6 $2 {A blunder in a bad position.} ({However,} 30... Ke8
31. c4 Bd4 32. Ra5 {is only little better.}) 31. c4 Bd4 32. c5+ $18 {the rest
is easy} Kd7 33. Rxa7+ Ke8 34. Ra6 Rc7 35. Re1 Kd7 {[%cal Gb8f8]} 36. f3 Rbb7
37. exd5 $1 {simple and strong} exd5 38. Nxd4 exd4 39. Ra8 {The R comes from
another side. Black is helpless} Ne7 40. Bf4 Ra7 (40... Rc8 41. Rxe7+ Kxe7 42.
Rxc8 $18) 41. Rf8 Rcb7 42. Bg5 (42. Bg5 Ng6 43. Rf7+ Kc8 44. Re8#) 1-0

[Event "Albert m"]
[Site "Albert"]
[Date "2001.10.13"]
[Round "5"]
[White "Sutovsky, Emil"]
[Black "Bacrot, Etienne"]
[Result "1/2-1/2"]
[WhiteElo "2664"]
[BlackElo "2653"]
[Annotator "Gershon,A"]
[PlyCount "43"]
[EventDate "2001.10.09"]
[EventType "match"]
[EventRounds "6"]
[EventCountry "FRA"]
[SourceTitle "CBM 086"]
[Source "ChessBase"]
[SourceDate "2002.02.05"]
[SourceVersion "1"]
[SourceVersionDate "2002.02.05"]
[SourceQuality "1"]

1. e4 c5 2. Nf3 Nc6 3. Bb5 e6 4. O-O Nge7 5. Nc3 a6 6. Bxc6 Nxc6 7. d4 cxd4 8.
Nxd4 Qc7 9. Nxc6 ({White has also tried to avoid taking on 'c6'. However, in
this case, black gets a very convenient interpretation of scheveningen
positions, without white's light squared B} 9. Kh1 $6 b5 10. Be3 Bb7 11. Qe2
Ne5 12. Rad1 Be7 13. f4 Nc4 14. Bc1 b4 15. Nb1 O-O 16. Rd3 Nd6 17. Nd2 f5 18.
e5 Nb5 $15 {0-1 Conquest,S-Skripchenko Lautier,A/Pamplona 2000/EXT 2001 (39). 
(39)}) 9... dxc6 ({The idea to take with the 'b' pawn - "closer to the center"
doesn't seem to work well, since black will have problems developing his B's.} 
9... bxc6 10. Qg4 $1 h5 11. Qg5 h4 12. h3 g6 13. Qf6 Rh7 14. Bg5 d6 15. Bxh4
$16 {1-0 Kovalevskaya,E-Alexandria,N/Batumi 2000/CBM 76 ext (36)}) (9... Qxc6 {
is another possiblility tested in Sadvakasov -Kasimdzhanov, 1999, where after :
} 10. Re1 Be7 11. Nd5 exd5 12. exd5 Qd6 13. Bg5 f6 14. Bf4 Qxf4 15. d6 Kd8 16.
Rxe7 {White got a very strong compensation for the piece.}) 10. Be3 ({The idea
to try and prevent black's dark B development is this position is much weaker
than after 9...dxc6:} 10. Qg4 e5 11. Qg3 f6 12. f4 Bc5+ 13. Kh1 O-O 14. f5 b5 {
with good game for black in: David,A-Tregubov,P/New York 2000/CBM 76 ext (49)})
10... Be7 11. f4 O-O 12. Qh5 (12. f5 $5 {getting some space is an interesting
option}) 12... f5 (12... b5 13. f5 {[%cal Gf1f3,Gf3h3] would have given white
too much space for play against the K.}) 13. Bd4 {A slight improvement over
the previous game. white does not allow black to play e6-e5 and is hoping to
get something real on the K side. However, Bacrot proves once again that his
position is very solid.} (13. Rf3 e5 14. Rh3 (14. fxe5 Qxe5 15. Raf1 $142 $132
(15. Re1 g6 $17)) 14... h6 15. Rf1 exf4 16. Bxf4 Bc5+ 17. Kh1 fxe4 18. Rhf3 {
0-1 Sutovsky,E-Bacrot,E/Albert 2001/CBM 86_01 (42). (42)} (18. Qxc5 Rxf4 19.
Qc4+ Kh8 20. Rxf4 Qxf4 21. Rf3 $1 Qc1+ (21... Be6 22. Rxf4 Bxc4 23. Rxe4 $11)
22. Qf1 (22. Rf1 $143 Be6 $1 23. Rxc1 Bxc4 24. Nxe4 Rd8 $15) 22... Qxf1+ 23.
Rxf1 Be6 24. Nxe4 Rd8 $15 {objectively the game should end in a draw})) (13. e5
b5 14. Rf3 g6 15. Qh6 Rf7 $15 {[%csl Rc3,Re3][%cal Ge7f8,Gc6c5,Gc8b7] and
black has a visible advantage.}) 13... Bd6 $1 14. e5 Be7 {After having closed
the a1-h8/^ black can now play g6,Rf7,and his K is more than safe.} 15. Rf3 g6
16. Qh3 b5 $15 {black has the easier game now, so Emil wisely decides to drive
the game into a drawish endgame after exchanging all the R's along the 'd' file
} 17. Bf2 Bb7 18. Rd3 Rad8 19. Rad1 Rxd3 20. Rxd3 Rd8 21. Rxd8+ Qxd8 22. Qd3
1/2-1/2

[Event "UKR-ch"]
[Site "Ordzhonikidze"]
[Date "2001.09.12"]
[Round "5"]
[White "Kazakov, Mikhail"]
[Black "Moroz, Alexander"]
[Result "0-1"]
[WhiteElo "2496"]
[BlackElo "2512"]
[Annotator "Gershon,A"]
[PlyCount "62"]
[EventDate "2001.09.08"]
[EventType "swiss"]
[EventRounds "9"]
[EventCountry "UKR"]
[SourceTitle "CBM 086"]
[Source "ChessBase"]
[SourceDate "2002.02.05"]
[SourceVersion "1"]
[SourceVersionDate "2002.02.05"]
[SourceQuality "1"]

1. e4 c5 2. Nf3 Nc6 3. Nc3 e5 4. Bc4 Be7 5. d3 Nf6 6. Nd2 d6 7. Nf1 Bg4 8. f3
Be6 9. Ne3 O-O (9... a6 10. a4 Nb4 11. O-O d5 12. exd5 Nbxd5 13. Nexd5 Nxd5 14.
Bxd5 Bxd5 15. Qe2 Be6 16. Qxe5 Bf6 17. Qe2 O-O 18. Ne4 Be7 19. Be3 Rc8 $44 {
0-1 Kucypera,A-Krupa,M/Brzeg Dolny POL 2001/The Week in Chess 361 (48)}) 10.
O-O a6 (10... Nd7 11. Ned5 (11. g3 Nb6 12. Ncd5 (12. f4 Nxc4 13. dxc4 exf4 14.
gxf4 f5 15. exf5 Bc8 16. Ncd5 Nd4 17. b3 Nxf5 18. Bb2 Nxe3 19. Nxe3 Bf6 20.
Qd5+ Kh8 21. Bxf6 Rxf6 22. f5 Rb8 23. Rf4 b6 24. Raf1 Bb7 25. Qd3 Rf7 {1/2-1/2
Svidler,P-Lautier,J/Biel SUI 2001/The Week in Chess 351 (25)}) 12... Nxc4 13.
dxc4 g6 14. Bd2 f5 15. exf5 gxf5 16. f4 Bf6 17. Qh5 Qd7 18. Nxf6+ Rxf6 19. fxe5
dxe5 20. Ng4 fxg4 21. Rxf6 Qxd2 22. Rxe6 Qe3+ 23. Kh1 Qe4+ 24. Kg1 Qe3+ 25. Kh1
{1/2-1/2 Grischuk,A-Nedev,T/Panormo GRE 2001/The Week in Chess 360 (25)}) 11...
Nb6 12. Nxb6 Qxb6 13. Nd5 Bxd5 14. Bxd5 Nb4 15. Bc4 Rad8 16. f4 exf4 17. Rxf4
$14 {1-0 Kasparov,G-Babula,V/Prague 2001/CBM 86_01/[Gershon] (54). (53)}) 11.
a4 Nb4 12. Bxe6 $6 {I don't like white giving up the 'd5' square.} (12. Qe2
$142 $5 Rb8 13. Bd2 Nh5 14. g3 Bg5 15. Rf2 Nc6 16. Raf1 Nd4 17. Qd1 Bxe3 18.
Bxe3 Bh3 19. f4 Nf6 20. fxe5 dxe5 21. Rxf6 $1 gxf6 22. Bh6 $40 {1-0 Golubev,
M-Parligras,M/Bucharest ROM 2001/The Week in Chess 363 (26)}) 12... fxe6 13.
Ne2 Nc6 14. f4 exf4 (14... d5 $5 15. exd5 exd5 16. fxe5 Nxe5 $11) 15. Nxf4 Qd7
16. c3 Rae8 17. Bd2 (17. Qb3 Bd8 {[%cal Gg8h8] -game}) 17... Bd8 18. Qb3 Kh8 {
although the position is balanced, black seems to have the easier play.} 19.
Rad1 Na5 {preparing the B transfer to a better diagonal} 20. Qa2 $2 {taking
the Q away from the forthcoming battle field, which will be in the center and
on the K flank} (20. Qc2 $142 {with still equal position}) 20... Bb6 {[%csl
Rg1][%cal Yb6g1]} 21. Kh1 Ba7 $1 {removing the B from potential threats of
white N's.} 22. Rf3 $2 (22. Nc4 Nxc4 23. Qxc4 d5 24. exd5 exd5 $17) (22. c4
$142 Nc6 23. Bc3 $15) 22... Nc6 {[%cal Gc6e5,Ge5g4]} 23. Rdf1 Ne5 24. Rg3 c4 $1
{it's time to completely open up the lines and diagonals.} 25. Nxc4 {[%csl Rf1]
} (25. d4 Nxe4 26. dxe5 Nxd2 27. Rd1 Rxf4 28. Rxd2 Bxe3 $19) 25... Nh5 26. Rh3
Nxf4 27. Rxf4 (27. Bxf4 Nxc4 28. Qxc4 e5 $19) 27... Rxf4 28. Bxf4 Rf8 {[%csl
Rh1][%cal Gf8f1]} 29. g3 Nxd3 {[%cal Yd3f2,Yd3f4]} 30. Rh4 e5 31. Be3 Qf7 $1 {
Look at white's Q and R!} (31... Qf7 32. Bxa7 (32. Qb1 Qf3+ 33. Kg1 Bxe3+ 34.
Nxe3 Qxe3+ $19) 32... Qf3+ 33. Kg1 Qf1#) 0-1

[Event "RUS-ch 54th"]
[Site "Elista"]
[Date "2001.05.01"]
[Round "2"]
[White "Turov, Maxim"]
[Black "Chebotarev, Oleg"]
[Result "1-0"]
[WhiteElo "2553"]
[BlackElo "2306"]
[Annotator "Gershon,A"]
[PlyCount "53"]
[EventDate "2001.04.29"]
[EventType "swiss"]
[EventRounds "9"]
[EventCountry "RUS"]
[SourceTitle "CBM 083"]
[Source "ChessBase"]
[SourceDate "2001.07.05"]
[SourceVersion "1"]
[SourceVersionDate "2001.07.05"]
[SourceQuality "1"]

1. e4 e6 2. d3 c5 3. Nf3 Nc6 4. g3 g6 5. Bg2 Bg7 6. c3 ({In some games white
has played:} 6. h4 {immediately} h6 7. O-O Nge7 8. c3 d5 9. Qe2 b6 10. e5 Nf5
11. Re1 O-O 12. Nbd2 Ba6 13. Nf1 Rb8 14. Bf4 Qe7 15. Ne3 Nxe3 16. Qxe3 Kh7 17.
Nh2 $36 {[%csl Rh6][%cal Gh2g4,Rg4f6] 1-0 Vescovi,G-Maia,L/Sao Paulo 2000/EXT
2001 (36)}) (6. O-O Nf6 7. c3 d5 8. e5 Nd7 9. d4 O-O 10. Bf4 cxd4 11. cxd4 f6
12. exf6 Qxf6 13. Bg5 Qf5 14. Nc3 h6 15. Be3 Nb6 16. b3 Bd7 17. Ne2 $1 {
[%cal Ge2f4,Gf4d3]} Nc8 18. Nf4 N8e7 19. Nd3 Rad8 20. Re1 g5 21. h4 gxh4 22.
Nxh4 Qf6 23. Nf4 Be8 24. Qg4 e5 $2 (24... Bf7 25. Rad1) 25. Ne6 exd4 (25... Bd7
26. Qxg7+ Qxg7 27. Nxg7 Kxg7 28. dxe5 $16) 26. Bxh6 $18 {1-0 Kaidanov,G-Gulko,
B/Seattle 2000/CBM 80 no vc (38)}) 6... Nge7 (6... d5 7. Qc2 {is an example
for a game where white does not push the 'h' pawn} Nge7 8. O-O O-O 9. Re1 Qc7
10. Nbd2 b6 11. Nf1 Ba6 12. Bg5 h6 13. Bxe7 Nxe7 14. Rad1 Rac8 15. Nh4 g5 16.
Nf3 Bb7 $15 {0-1 Vujic,B-Jurek,J/Wuertemberg 1998/EXT 2000 (55)}) 7. h4 {
A common plan. By threatenning to advance the 'h' pawn white forces black to
weaken his K side, and gets a long term initiative.} (7. Be3 d6 8. d4 cxd4 9.
Nxd4 O-O 10. O-O d5 11. Nxc6 bxc6 12. Qa4 a5 13. Rd1 Ba6 14. Bc5 Bb5 15. Qa3
Re8 16. Nd2 Qc7 17. Rac1 $14 {1/2-1/2 Sadvakasov,D-Vidarsson,J/Elista 1998/CBM
66 ext (29)}) 7... d5 8. Qe2 b6 9. h5 dxe4 $2 (9... Ba6 $6 10. h6 Bf8 11. e5 {
and black's pieces are going nowhere.}) (9... O-O {worths serious consideration
} 10. hxg6 fxg6 11. Bh6 (11. Ng5 h6 12. exd5 exd5 13. Ne6 Bxe6 14. Qxe6+ Kh7 {
[%csl Ra1,Rb1,Rc1] black is ok}) 11... Bxh6 12. Rxh6 Ba6 {One shall not forget
that white is also playing with his K in the center, so black always has
chances for a counterplay} 13. Ng5 $140 Ne5 $40 {[%csl Rd3,Rf2][%cal Ya6e2]})
10. dxe4 gxh5 $6 {[%csl Re8]} ({now:} 10... O-O {doesn't give the same results
as in the previous variation, since black does not have the important resource:
Ba6. However, to my opinion this was the less evil} 11. hxg6 fxg6 12. Bh6 $40 {
[%cal Gb1d2,Ge1c1]}) 11. Na3 {[%cal Gc1f4,Ya3b5]} h4 (11... O-O 12. Rxh5 $16 {
[%cal Gc1h6]}) 12. Rxh4 Ng6 (12... Bb7 13. Bg5 {[%cal Ga1d1,Ya3b5]} Qb8 14.
O-O-O $16 {/+-}) 13. Rh5 Nge5 14. Nxe5 Nxe5 15. Bf1 $1 {The B is much more
useful on this /^} c4 (15... Bb7 16. Bf4 Ng6 17. Rd1 $18) 16. Rxe5 $5 {[%mdl
640] a fancy move} (16. Nxc4 {would be easier} Ba6 17. Nd6+ Qxd6 18. Qxa6)
16... Bxe5 17. Nxc4 $16 {It's clear that the compensation is more than enough
for such a small material sacrifise.} Bc7 (17... Bg7 18. Bf4 O-O 19. Rd1 Qf6
20. Bg2 $1 $16 {[%cal Ge4e5]}) 18. Qg4 {[%cal Gg4g7]} Qf6 19. Bg5 {[%csl Re8]}
Qg6 20. Qh4 Bb7 ({only slighly better is:} 20... h6 21. Bf6 Rg8 {[%cal Gg6g4]}
22. O-O-O Bb7 23. Nd6+ Bxd6 24. Bb5+ Kf8 25. Rxd6 $18) 21. O-O-O Bxe4 (21...
Qxe4 22. Bf4 $3 {suggested by my good buddy: fritz6} Bxf4+ (22... e5 23. Nxe5
Bxe5 24. Bb5+ Kf8 (24... Bc6 25. Bxe5 {[%csl Re4][%cal Gh4e4]} Qxh4 26. Bxc6+
Ke7 27. gxh4 $18)) 23. gxf4 {[%csl Rb7,Re4,Re8][%cal Gc4d6] is a bit too much
for black to handle}) 22. Nd6+ Bxd6 23. Bb5+ Kf8 24. Bh6+ Kg8 25. Rxd6 {
[%cal Gd6d8]} f5 $8 (25... f6 26. Rxe6 Bd5 27. Rxf6 $18) 26. Rxe6 {a nice
final blow} Qxe6 27. Qg5+ {This game could be a good example why one should
castle in chess} (27. Qg5+ Qg6 (27... Kf7 28. Qg7#) 28. Bc4+) 1-0

[Event "ISR-chT"]
[Site "Israel"]
[Date "2004.01.24"]
[Round "4"]
[White "Tseitlin, Mark D"]
[Black "Gershon, Alik"]
[Result "0-1"]
[WhiteElo "2426"]
[BlackElo "2546"]
[Annotator "Gershon,A"]
[PlyCount "76"]
[EventDate "2004.01.03"]
[EventType "team"]
[EventRounds "11"]
[EventCountry "ISR"]
[SourceTitle "CBM 099"]
[Source "ChessBase"]
[SourceDate "2004.03.30"]
[SourceVersion "1"]
[SourceVersionDate "2004.03.30"]
[SourceQuality "1"]

1. e4 c5 2. Nf3 e6 3. Nc3 Nc6 4. Bb5 Nd4 5. O-O a6 6. Bd3 Ne7 7. Nxd4 cxd4 8.
Ne2 d5 9. c3 $2 {A new move, and the game shows why it hasn't been played
before.} (9. exd5 Nxd5 10. c3 {is the normal continuation}) 9... dxe4 10. Bxe4
d3 $1 {[%csl Ra1,Rc1]} 11. Ng3 {after this move, it's clear that black is
better.} (11. Nf4 f5 ({worse is} 11... e5 12. Nxd3 f5 13. Nxe5 fxe4 14. Qa4+ b5
15. Qxe4 {with strong initiative}) 12. Bxd3 e5 13. Qh5+ {the only way to play
for something} (13. Bc4 exf4 14. Qb3 Qd6 $19) 13... g6 14. Nxg6 (14. Qg5 $5 Qd6
{the most simple} ({but not} 14... exf4 $4 15. Qf6 Rg8 16. Bc4 Bg7 17. Qf7+ Kd7
18. Re1 $16) (14... Bg7 15. Nh5 Qxd3 16. Nxg7+ Kf7 {also winnig for black}))
14... Nxg6 15. Bxf5 Bxf5 16. Qxf5 Qd7 $17 {pretty much forcing white into an
endgame, where black has good winning chances.}) 11... f5 12. Bf3 g6 {[%csl
Rg3] restricting the N, and taking care of the 'e5' square.} (12... e5 {
is a bit premature} 13. Qb3 e4 14. Nxe4 fxe4 15. Bxe4 {with a dangerous
compensation}) 13. Re1 Bg7 14. b4 (14. Qa4+ b5 (14... Qd7 15. Qxd7+ Kxd7 16.
Re3 Kc7 17. Rxd3 e5 $40) 15. Qf4 Nd5 $1 $17) 14... e5 ({i didn't like:} 14...
O-O 15. Qb3 Kh8 16. Bb2 e5 17. c4 $132) 15. Qb3 Qd6 16. c4 $1 {the only move} (
16. b5 {[%cal Gc1a3]} Be6 17. Qa4 Qd7 $17) (16. Ba3 Be6 17. Qb2 Qd7 $17) 16...
e4 17. Bb2 Bxb2 18. Qxb2 O-O {Black has a solid advantage, due to the square
on d4, and the cut off N on g3.} 19. Bd1 (19. Bxe4 {is just a shot in the air}
fxe4 20. Nxe4 Qf4 $19) 19... Nc6 {[%csl Rb4][%cal Gd6d4,Gc6d4]} 20. c5 Qd4 {
without the Q's it'll be harder for white to defend all the Q side pawns} 21.
Qxd4 (21. Bb3+ Kh8 22. Qxd4+ Nxd4 23. f3 exf3 24. Re7 fxg2 25. Rc7 f4 $19)
21... Nxd4 22. f3 exf3 (22... a5 {looked tempting, but} 23. fxe4 f4 24. Nh1 $1
{[%csl Rd3][%cal Gh1f2] and white pieces are beginning to get into the game.})
23. gxf3 (23. Bxf3 Nc2 24. Bd5+ Kg7 $1 $19 {[%cal Gg7f6]}) 23... Rd8 $1 {
A very important prophylactic move, preventing Re3. In all the other lines,
black faces problems with a hanging N on d4.} (23... Be6 24. Re3 $1 Bc4 25. Rc1
f4 26. Re4 Nxf3+ 27. Bxf3 fxg3 28. Rcxc4 ({Fritz comes up with:} 28. Re3 Bxa2
29. Bxb7 $16) 28... Rxf3 29. Re7 gxh2+ 30. Kxh2 Rf2+ 31. Kg1 Rxd2 32. Rd4 Re2
$11 (32... Rd1+ 33. Kg2 d2 34. Rdd7 Re1 35. Rg7+ Kf8 36. Rxh7 Re7 37. Rhxe7
d1=Q 38. Rf7+ Kg8 39. Rxd1 Kxf7 40. Rd7+ $18)) (23... Bd7 24. Re3 Bb5 25. a4 f4
26. Re4 Nc2 27. Bxc2 dxc2 28. axb5 axb5 29. Rc1 fxg3 30. hxg3 $11) 24. Rc1 {
[%cal Gc1c3]} a5 {[%csl Ra2][%cal Ga8a2]} 25. bxa5 Rxa5 26. Rc3 $2 (26. a4 $142
Bd7 $1 27. Rc4 Bxa4 $1 28. Rxa4 Rxa4 29. Bxa4 Nxf3+ 30. Kf2 Nxe1 31. Kxe1 Rc8
$17 {a typical situation where the rook is much better than the two minor
pieces}) 26... Rxa2 27. Rxd3 Kf8 {[%cal Gb3g8] Moving away from surprises
along the a2-g8 /^} 28. Kf2 (28. Ne2 $2 Rxd2 $19) 28... b6 $1 $17 {Mark
Danilovich completely underestimated this move} 29. cxb6 Ba6 30. Rc3 Rxd2+ 31.
Ne2 {losing on the spot} (31. Kg1 $142 Rxd1 32. Rxd1 Nxf3+ 33. Rxf3 Rxd1+ 34.
Kf2 Rd2+ 35. Kg1 Rb2 36. h4 Bb7 37. Rc3 Rxb6 $19) 31... Re8 32. Re3 f4 33.
Rxe8+ Kxe8 34. Ba4+ Ke7 $1 {The most precise} (34... Kd8 $2 35. Rd1 Rxe2+ 36.
Kg1 Re1+ 37. Rxe1 Nxf3+ 38. Kf2 Nxe1 39. Kxe1 {black would still have to
overcome technical difficulties}) 35. h4 Kd6 36. Bd1 (36. Rd1 Rxe2+ 37. Kg1 Ke5
$19) (36. b7 Kc7 $19) 36... Kc6 37. h5 gxh5 38. Rh1 Bxe2 0-1